| 000 | 00692nam a2200205Ia 4500 | ||
|---|---|---|---|
| 003 | IN-BaIIA | ||
| 008 | 211028s9999 xx 000 0 eng d | ||
| 020 | _a0-89490-028-5 | ||
| 040 | _cIIA Library | ||
| 080 |
_a524.3(035) _bJON-2 |
||
| 245 | 0 |
_aWebb society deep-sky observer's handbook _bvol. 2, planetary and gaseous nebulae _cedited by K.G. Jones |
|
| 260 |
_aNew Jersey _bEnslow Publishers _c1979 |
||
| 300 | _ax, 149p. | ||
| 650 | _aAstronomy and Astrophysics Thesaurus | ||
| 650 |
_aBinary Stars _91185 |
||
| 650 |
_aGaseous Nebulae _92296 |
||
| 650 |
_aPlanetary Nebulae _95510 |
||
| 700 |
_aJones, Kenneth Glyn, ed. _912455 |
||
| 942 | _cBK | ||
| 999 |
_c9074 _d9074 |
||